000 00722nam a2200229Ia 4500
005 20230706155403.0
008 210716s2014 xx 000 0 und d
020 _a9788131212592
040 _cAIMIT LIBRARY
041 _aeng
082 _a004.65
_23
_bMCCJ
100 _aMcCabe, James D.
_9125826
245 _aNetwork analysis architecture and design /
_cBy James D McCabe.
250 _a3rd ed.
260 _aNew Delhi :
_bElsevier ,
_c2014.
300 _axx,473p. ;
650 _aRequirements analysis :process
_9125827
650 _aFlow analysis
_9125828
650 _aAdressing and routing architecture
_9125829
650 _aSecurity and privacy architecture
_9125830
942 _2ddc
_cBK
_e3rd
_k004.65 MCCJ
999 _c193976
_d193976